[Event "Viktor Kupreichik Memorial Rapid Open"]
[Site "Minsk"]
[Date "2018.06.21"]
[Round "3.4"]
[White "Fedorov, Alexei"]
[Black "Savolainen, Lev P"]
[Result "1-0"]
[WhiteElo "2577"]
[BlackElo "2163"]
[PlyCount "51"]
[EventDate "2018.06.21"]
[EventType "swiss"]
[EventRounds "11"]
[EventCountry "BLR"]
[WhiteTeam "Áåëîðóññèÿ"]
[BlackTeam "Ðîññèÿ"]
[WhiteTeamCountry "BLR"]
[BlackTeamCountry "RUS"]

1. e4 e6 2. Qe2 Be7 3. Nf3 d5 4. d3 Nf6 5. g3 c5 6. Bg2 Nc6 7. O-O O-O 8. e5
Nd7 9. c4 a6 10. h4 b5 11. Bf4 Nb6 12. Na3 bxc4 13. dxc4 Nd4 14. Nxd4 cxd4 15.
cxd5 Nxd5 16. Bd2 Bb7 17. Qg4 Qb6 18. Bh6 g6 19. Bxf8 Bxf8 20. Nc4 Qa7 21. Nd6
Bxd6 22. exd6 Rd8 23. Rad1 e5 24. Qg5 f6 25. Bxd5+ Bxd5 26. Qxf6 1-0

[Event "Viktor Kupreichik Memorial Rapid Open"]
[Site "Minsk"]
[Date "2018.06.21"]
[Round "3.5"]
[White "Osmolny, Vladimir I"]
[Black "Meshkovs, Nikita"]
[Result "0-1"]
[WhiteElo "2163"]
[BlackElo "2572"]
[PlyCount "50"]
[EventDate "2018.06.21"]
[EventType "swiss"]
[EventRounds "11"]
[EventCountry "BLR"]
[WhiteTeam "Ðîññèÿ"]
[BlackTeam "Ëàòâèÿ"]
[WhiteTeamCountry "RUS"]
[BlackTeamCountry "LAT"]

1. c4 Nf6 2. Nc3 e6 3. e4 d5 4. e5 d4 5. exf6 dxc3 6. bxc3 Qxf6 7. d4 Nc6 8.
Nf3 e5 9. Be2 e4 10. Nd2 Qg6 11. Rg1 Bd6 12. Nf1 O-O 13. c5 Be7 14. Bf4 b6 15.
cxb6 axb6 16. Bxc7 Ra3 17. Qc1 Rxc3 18. Qxc3 Bb4 19. Qxb4 Nxb4 20. Rc1 Nxa2 21.
Rc2 Nb4 22. Rc4 Nd5 23. Be5 Ba6 24. Rc2 e3 25. Ra2 Qb1+ 0-1

[Event "Viktor Kupreichik Memorial Rapid Open"]
[Site "Minsk"]
[Date "2018.06.21"]
[Round "3.6"]
[White "Fedotov, Konstantin"]
[Black "Notkin, Maksim"]
[Result "0-1"]
[WhiteElo "2090"]
[BlackElo "2455"]
[PlyCount "62"]
[EventDate "2018.06.21"]
[EventType "swiss"]
[EventRounds "11"]
[EventCountry "BLR"]
[WhiteTeam "Ðîññèÿ"]
[BlackTeam "Ðîññèÿ"]
[WhiteTeamCountry "RUS"]
[BlackTeamCountry "RUS"]

1. e4 e5 2. Bc4 Nf6 3. d4 exd4 4. Nf3 Nc6 5. O-O d6 6. Nxd4 Be7 7. Nc3 O-O 8.
h3 a6 9. f4 Nxd4 10. Qxd4 b5 11. Be2 c5 12. Qe3 Bb7 13. Bf3 b4 14. Nd5 Nxd5 15.
exd5 Bf6 16. c3 Re8 17. Qd3 a5 18. Rd1 Ba6 19. c4 Ra7 20. Rb1 Bd4+ 21. Kh2 Qf6
22. b3 Rae7 23. Qf1 Bc8 24. g4 h5 25. Kg3 Qg6 26. Qd3 Qxd3 27. Rxd3 Re1 28.
gxh5 Bf5 29. Rxd4 cxd4 30. Ra1 Rg1+ 31. Kf2 Ree1 0-1

[Event "Viktor Kupreichik Memorial Rapid Open"]
[Site "Minsk"]
[Date "2018.06.21"]
[Round "3.7"]
[White "Shevchenko, Kirill"]
[Black "Tsaruk, Maksim"]
[Result "1-0"]
[WhiteElo "2432"]
[BlackElo "1980"]
[PlyCount "117"]
[EventDate "2018.06.21"]
[EventType "swiss"]
[EventRounds "11"]
[EventCountry "BLR"]
[WhiteTeam "Óêðàèíà"]
[BlackTeam "Áåëîðóññèÿ"]
[WhiteTeamCountry "UKR"]
[BlackTeamCountry "BLR"]

1. e4 e5 2. Nf3 Nc6 3. Bb5 a6 4. Ba4 Nf6 5. d3 b5 6. Bb3 Be7 7. O-O O-O 8. Nc3
d6 9. a3 Be6 10. Nd5 h6 11. c3 Na5 12. Nxf6+ Bxf6 13. Bxe6 fxe6 14. b4 Nb7 15.
a4 c5 16. axb5 axb5 17. Rxa8 Qxa8 18. Qb3 Kf7 19. bxc5 Nxc5 20. Qxb5 Rb8 21.
Qc4 Qa4 22. Qxa4 Nxa4 23. Ba3 Nxc3 24. Bxd6 Rd8 25. Nxe5+ Bxe5 26. Bxe5 Rxd3
27. f3 Nd1 28. Re1 g5 29. Kf1 Ne3+ 30. Ke2 Ra3 31. Kf2 Nc4 32. Bd4 Rd3 33. Bc5
Ne5 34. Ra1 Rd2+ 35. Kg3 Ng6 36. Bb4 Rc2 37. Rd1 Nf4 38. Rd2 Rc4 39. Bd6 Ng6
40. Ra2 Kf6 41. Kg4 Rc6 42. Rd2 Nh8 43. Kh5 Nf7 44. Ba3 Rb6 45. Bb2+ e5 46. Ba3
Ra6 47. Bc5 Rc6 48. Bf2 Ra6 49. h4 Ra1 50. Kg4 Kg6 51. h5+ Kf6 52. Rb2 Ra6 53.
Bc5 Rc6 54. Rb6 Rxb6 55. Bxb6 Ke6 56. Bc5 Kf6 57. Bf8 Nd8 58. Bxh6 Ne6 59. g3
1-0

[Event "Viktor Kupreichik Memorial Rapid Open"]
[Site "Minsk"]
[Date "2018.06.21"]
[Round "3.8"]
[White "Zhukovskij, Viktor"]
[Black "Bernotas, Arturs"]
[Result "0-1"]
[WhiteElo "1973"]
[BlackElo "2410"]
[PlyCount "54"]
[EventDate "2018.06.21"]
[EventType "swiss"]
[EventRounds "11"]
[EventCountry "BLR"]
[WhiteTeam "Áåëîðóññèÿ"]
[BlackTeam "Ëàòâèÿ"]
[WhiteTeamCountry "BLR"]
[BlackTeamCountry "LAT"]

1. e4 d5 2. exd5 Nf6 3. d4 Bg4 4. Be2 Bxe2 5. Nxe2 Qxd5 6. O-O Nc6 7. b3 O-O-O
8. c4 Qh5 9. Bb2 e6 10. Nd2 Bd6 11. Nf3 Rhg8 12. Ng3 Qg6 13. Qe2 h5 14. Ne5
Bxe5 15. dxe5 Ng4 16. Rfd1 h4 17. Nf1 h3 18. g3 Qf5 19. Ne3 Nxe3 20. Qxe3 Qc2
21. Bd4 Rd7 22. Rd2 Qf5 23. Rad1 Rgd8 24. Bc3 Rxd2 25. Bxd2 Qc2 26. Qe2 Nxe5
27. f4 Rxd2 0-1

[Event "Viktor Kupreichik Memorial Rapid Open"]
[Site "Minsk"]
[Date "2018.06.21"]
[Round "3.12"]
[White "Kovalev, Vladislav"]
[Black "Vashchilov, Sergey"]
[Result "1-0"]
[WhiteElo "2631"]
[BlackElo "2087"]
[PlyCount "115"]
[EventDate "2018.06.21"]
[EventType "swiss"]
[EventRounds "11"]
[EventCountry "BLR"]
[WhiteTeam "Áåëîðóññèÿ"]
[BlackTeam "Áåëîðóññèÿ"]
[WhiteTeamCountry "BLR"]
[BlackTeamCountry "BLR"]

1. d4 e6 2. Bf4 Nf6 3. e3 c5 4. c3 Nc6 5. Nd2 d5 6. Ngf3 Bd6 7. Bg3 cxd4 8.
exd4 Nh5 9. Bxd6 Qxd6 10. g3 O-O 11. Bd3 Nf6 12. Qe2 a6 13. a4 Nd7 14. O-O e5
15. dxe5 Ndxe5 16. Nxe5 Nxe5 17. Rfe1 Nc6 18. Qh5 g6 19. Qh4 Kg7 20. Rad1 Qf6
21. Qxf6+ Kxf6 22. Nb3 Bg4 23. f3 Be6 24. Nc5 d4 25. cxd4 Nxd4 26. Be4 Rac8 27.
Nxe6 Nxe6 28. Bxb7 Rc2 29. Bxa6 Rb8 30. Bb5 Rxb2 31. Rb1 Ra2 32. Ra1 Rxa1 33.
Rxa1 Nd4 34. Kf2 Rc8 35. Ra2 Rc3 36. Be2 Nc6 37. a5 Na7 38. a6 Ke5 39. Rb2 Ra3
40. Rb7 Nc6 41. Rxf7 h5 42. f4+ Ke6 43. Bc4+ Kd6 44. Rf6+ Kc5 45. Rxg6 Nd4 46.
Be2 Ra2 47. Rg5+ Kd6 48. Re5 h4 49. gxh4 Nxe2 50. Rxe2 Rxa6 51. Kg3 Ra8 52. f5
Rg8+ 53. Kf4 Rh8 54. Kg5 Rg8+ 55. Kh6 Rh8+ 56. Kg7 Rxh4 57. f6 Rg4+ 58. Kf8 1-0

[Event "Viktor Kupreichik Memorial Rapid Open"]
[Site "Minsk"]
[Date "2018.06.21"]
[Round "3.13"]
[White "Korniichuk, Oleksandra"]
[Black "Aleksandrov, Aleksej"]
[Result "0-1"]
[WhiteElo "1740"]
[BlackElo "2597"]
[PlyCount "58"]
[EventDate "2018.06.21"]
[EventType "swiss"]
[EventRounds "11"]
[EventCountry "BLR"]
[WhiteTeam "Óêðàèíà"]
[BlackTeam "Áåëîðóññèÿ"]
[WhiteTeamCountry "UKR"]
[BlackTeamCountry "BLR"]

1. e4 e5 2. Nf3 Nc6 3. d4 exd4 4. c3 Nf6 5. e5 Nd5 6. cxd4 d6 7. Be2 dxe5 8.
dxe5 Bb4+ 9. Bd2 Nf4 10. O-O Bxd2 11. Nbxd2 O-O 12. Re1 Bf5 13. Nb3 Qxd1 14.
Bxd1 Rad8 15. Nc5 b6 16. Nb3 Rfe8 17. Rc1 Nd3 18. Be2 Nxe1 19. Nxe1 Rxe5 20.
Bf3 Nd4 21. Nxd4 Rxd4 22. h3 c5 23. g4 Be6 24. Bg2 Re2 25. Nf3 Rd8 26. Rb1 Bxa2
27. Ra1 Rxb2 28. Ne5 Rb1+ 29. Rxb1 Bxb1 0-1

[Event "Viktor Kupreichik Memorial Rapid Open"]
[Site "Minsk"]
[Date "2018.06.21"]
[Round "4.1"]
[White "Bernotas, Arturs"]
[Black "Korobov, Anton"]
[Result "0-1"]
[WhiteElo "2410"]
[BlackElo "2736"]
[PlyCount "184"]
[EventDate "2018.06.21"]
[EventType "swiss"]
[EventRounds "11"]
[EventCountry "BLR"]
[WhiteTeam "Ëàòâèÿ"]
[BlackTeam "Óêðàèíà"]
[WhiteTeamCountry "LAT"]
[BlackTeamCountry "UKR"]

1. e4 c5 2. Nf3 d6 3. Bb5+ Bd7 4. c4 Nc6 5. d4 cxd4 6. Nxd4 a6 7. Bxc6 bxc6 8.
O-O Nf6 9. Nc3 e6 10. c5 dxc5 11. Nb3 c4 12. Nd2 c5 13. Nxc4 Bc6 14. Qe2 Be7
15. Bf4 O-O 16. Rfd1 Nd7 17. Ne5 Qc8 18. Nxd7 Bxd7 19. Bd6 Re8 20. Bxe7 Rxe7
21. Rd6 Be8 22. Rad1 h6 23. b3 a5 24. h3 Rb7 25. Qd3 Rbb8 26. f3 Qc7 27. Kh1 a4
28. bxa4 Bxa4 29. Nxa4 Rxa4 30. Rd8+ Rxd8 31. Qxd8+ Qxd8 32. Rxd8+ Kh7 33. Rc8
c4 34. Kh2 Kg6 35. Kg3 Kf6 36. f4 g5 37. h4 gxf4+ 38. Kxf4 Rxa2 39. e5+ Kg6 40.
g4 Rc2 41. h5+ Kg7 42. Ke3 c3 43. Kf3 Rc1 44. Kg2 c2 45. Rc7 Kf8 46. Kh2 Ke8
47. Kg2 Kf8 48. Rc8+ Kg7 49. Rc7 Kg8 50. Rc8+ Kh7 51. Rc7 Kg7 52. Kh2 Re1 53.
Rxc2 Rxe5 54. Kg3 Re3+ 55. Kf4 Ra3 56. Rc7 Kf6 57. Rc6 Ra4+ 58. Kg3 Rd4 59. Rc7
Kg5 60. Rxf7 Rxg4+ 61. Kf3 Kxh5 62. Re7 Rg6 63. Kf4 Kh4 64. Ra7 Rg5 65. Ra1
Rf5+ 66. Ke4 h5 67. Rg1 Ra5 68. Kf4 Kh3 69. Rg3+ Kh4 70. Rg1 Ra4+ 71. Kf3 e5
72. Re1 Rf4+ 73. Kg2 Rf5 74. Re4+ Kg5 75. Kg3 Kf6 76. Ra4 Rg5+ 77. Kf3 Rg6 78.
Rh4 Rh6 79. Ke4 Kg5 80. Rh1 h4 81. Rg1+ Kh5 82. Kf5 Rh8 83. Rg5+ Kh6 84. Rg6+
Kh7 85. Rg4 h3 86. Rg1 h2 87. Rh1 Kg7 88. Kxe5 Rh4 89. Kf5 Kh6 90. Kf6 Kh5 91.
Kf5 Rh3 92. Kf4 Kh4 0-1

[Event "Viktor Kupreichik Memorial Rapid Open"]
[Site "Minsk"]
[Date "2018.06.21"]
[Round "4.2"]
[White "Andreikin, Dmitry"]
[Black "Shevchenko, Kirill"]
[Result "1-0"]
[WhiteElo "2733"]
[BlackElo "2432"]
[PlyCount "79"]
[EventDate "2018.06.21"]
[EventType "swiss"]
[EventRounds "11"]
[EventCountry "BLR"]
[WhiteTeam "Ðîññèÿ"]
[BlackTeam "Óêðàèíà"]
[WhiteTeamCountry "RUS"]
[BlackTeamCountry "UKR"]

1. e4 c5 2. Nc3 d6 3. d4 cxd4 4. Qxd4 Nc6 5. Qd2 Nf6 6. b3 e6 7. Bb2 Be7 8.
O-O-O O-O 9. f4 d5 10. e5 Nd7 11. Nf3 a6 12. Kb1 b5 13. h4 Nc5 14. Ng5 b4 15.
Na4 Nxa4 16. Qd3 g6 17. bxa4 f5 18. h5 Bxg5 19. fxg5 Qxg5 20. hxg6 Qxg6 21. Qe3
d4 22. Bxd4 Nxd4 23. Rxd4 Ra7 24. g4 Rg7 25. gxf5 exf5 26. Rd6 Qg4 27. Bd3 Bb7
28. Re1 Qg3 29. Qd2 Be4 30. Rf6 Bxd3 31. Rxf8+ Kxf8 32. cxd3 Re7 33. d4 f4 34.
d5 f3 35. e6 Qg6+ 36. Kb2 Qf6+ 37. Kb3 Rc7 38. Qxb4+ Kg7 39. Rg1+ Kh6 40. Qd2+
1-0

[Event "Viktor Kupreichik Memorial Rapid Open"]
[Site "Minsk"]
[Date "2018.06.21"]
[Round "4.3"]
[White "Zarubitski, Viachaslau"]
[Black "Fedorov, Alexei"]
[Result "1-0"]
[WhiteElo "2265"]
[BlackElo "2577"]
[PlyCount "101"]
[EventDate "2018.06.21"]
[EventType "swiss"]
[EventRounds "11"]
[EventCountry "BLR"]
[WhiteTeam "Áåëîðóññèÿ"]
[BlackTeam "Áåëîðóññèÿ"]
[WhiteTeamCountry "BLR"]
[BlackTeamCountry "BLR"]

1. e4 c5 2. Nf3 d6 3. d4 cxd4 4. Nxd4 Nf6 5. Nc3 g6 6. Be3 Bg7 7. f3 a6 8. Qd2
b5 9. a4 b4 10. Na2 a5 11. c3 bxc3 12. Nxc3 O-O 13. Bb5 Nfd7 14. Nd5 Nc5 15.
O-O e6 16. Nc3 Bb7 17. Rad1 Qe7 18. Nde2 Be5 19. f4 Bg7 20. Qxd6 Qxd6 21. Rxd6
Nxe4 22. Nxe4 Bxe4 23. Nc3 Bb7 24. Rb6 Ba6 25. Rd1 Bxb5 26. axb5 a4 27. Bc5 Rc8
28. Ba3 Bf8 29. Ne4 Ra7 30. g4 Kg7 31. g5 Rd7 32. Bxf8+ Kxf8 33. Rxd7 Rc1+ 34.
Kf2 Nxd7 35. Rb7 Nc5 36. Nxc5 Rxc5 37. Ke3 Rc2 38. Kd4 Rxb2 39. Kc5 a3 40. Ra7
a2 41. b6 Rxh2 42. b7 Rc2+ 43. Kd6 Rd2+ 44. Kc7 Rc2+ 45. Kb8 h6 46. Ka8 Rb2 47.
b8=Q+ Rxb8+ 48. Kxb8 hxg5 49. fxg5 e5 50. Kc8 f6 51. Kd7 1-0

[Event "Viktor Kupreichik Memorial Rapid Open"]
[Site "Minsk"]
[Date "2018.06.21"]
[Round "4.4"]
[White "Meshkovs, Nikita"]
[Black "Nikitenko, Mihail"]
[Result "1-0"]
[WhiteElo "2572"]
[BlackElo "2401"]
[PlyCount "121"]
[EventDate "2018.06.21"]
[EventType "swiss"]
[EventRounds "11"]
[EventCountry "BLR"]
[WhiteTeam "Ëàòâèÿ"]
[BlackTeam "Áåëîðóññèÿ"]
[WhiteTeamCountry "LAT"]
[BlackTeamCountry "BLR"]

1. c4 e5 2. Nc3 Nf6 3. Nf3 Nc6 4. g3 d5 5. cxd5 Nxd5 6. Bg2 Nb6 7. O-O Be7 8.
b3 O-O 9. Bb2 Re8 10. d3 Bf8 11. Rc1 a5 12. Nd2 Nd4 13. e3 Nc6 14. Nc4 Nxc4 15.
bxc4 Nb4 16. Be4 f5 17. Bg2 c6 18. d4 e4 19. Rb1 Be6 20. a3 Nd3 21. Qa4 Qe7 22.
c5 h5 23. Bc1 h4 24. Bd2 Bf7 25. Qc2 Qc7 26. f3 hxg3 27. fxe4 fxe4 28. Nxe4
Rxe4 29. Bxe4 Nf2 30. Bg2 Re8 31. hxg3 Ng4 32. Qf5 Nxe3 33. Bxe3 Rxe3 34. Rf3
Rxf3 35. Qxf3 Qd7 36. Qf4 Be7 37. Qb8+ Kh7 38. Be4+ g6 39. Qe5 Bf8 40. Kg2 Bg7
41. Qh5+ Kg8 42. Bxg6 Qd5+ 43. Qxd5 Bxd5+ 44. Kh3 Bxd4 45. Rxb7 Bxc5 46. a4 Bb4
47. Bc2 c5 48. Rc7 c4 49. g4 Be1 50. g5 Be6+ 51. Kg2 Bd2 52. g6 Bd5+ 53. Kg3
Bb4 54. Kh4 Kf8 55. Kg5 Bd2+ 56. Kf5 Bc3 57. Be4 Bg8 58. g7+ Bxg7 59. Rc8+ Kf7
60. Bd5+ Ke7 61. Rxg8 1-0

[Event "Viktor Kupreichik Memorial Rapid Open"]
[Site "Minsk"]
[Date "2018.06.21"]
[Round "4.5"]
[White "Notkin, Maksim"]
[Black "Meshkov, Yuri A"]
[Result "1/2-1/2"]
[WhiteElo "2455"]
[BlackElo "2375"]
[PlyCount "49"]
[EventDate "2018.06.21"]
[EventType "swiss"]
[EventRounds "11"]
[EventCountry "BLR"]
[WhiteTeam "Ðîññèÿ"]
[BlackTeam "Ðîññèÿ"]
[WhiteTeamCountry "RUS"]
[BlackTeamCountry "RUS"]

1. d4 Nf6 2. c4 d6 3. Nf3 g6 4. Nc3 Bf5 5. Nh4 Bd7 6. g3 Bg7 7. Bg2 Nc6 8. O-O
e5 9. d5 Ne7 10. b4 a5 11. bxa5 Rxa5 12. a4 O-O 13. Ba3 Qa8 14. Bb4 Ra6 15. c5
Ne8 16. Qb3 dxc5 17. Bxc5 Nd6 18. Rfb1 Rb8 19. e4 b5 20. Bf1 Nec8 21. Ra2 Ra5
22. axb5 Rxa2 23. Qxa2 Qxa2 24. Nxa2 Nxe4 25. Ra1 1/2-1/2

[Event "Viktor Kupreichik Memorial Rapid Open"]
[Site "Minsk"]
[Date "2018.06.21"]
[Round "4.7"]
[White "Nigmatov, Ortik"]
[Black "Kovalev, Vladislav"]
[Result "0-1"]
[WhiteElo "2210"]
[BlackElo "2631"]
[PlyCount "78"]
[EventDate "2018.06.21"]
[EventType "swiss"]
[EventRounds "11"]
[EventCountry "BLR"]
[WhiteTeam "Óçáåêèñòàí"]
[BlackTeam "Áåëîðóññèÿ"]
[WhiteTeamCountry "UZB"]
[BlackTeamCountry "BLR"]

1. e4 e5 2. Nf3 Nc6 3. Bc4 Nf6 4. d3 Bc5 5. c3 a6 6. O-O d6 7. Nbd2 Ba7 8. Bb3
h6 9. Re1 Qe7 10. Nf1 Be6 11. Be3 O-O 12. Bxa7 Rxa7 13. Ng3 Bxb3 14. Qxb3 Qe6
15. Qc2 Raa8 16. d4 Ne7 17. Nh4 Rfe8 18. h3 Rad8 19. a4 a5 20. Rad1 c6 21. Re3
g6 22. dxe5 dxe5 23. Red3 Rxd3 24. Rxd3 Kg7 25. Qd1 Qc4 26. b3 Qc5 27. Qd2 b5
28. Rd6 bxa4 29. bxa4 Rb8 30. Kh2 Rb3 31. Rd3 Ra3 32. f4 Rxa4 33. fxe5 Qxe5 34.
Qd1 Rxe4 35. Nf3 Qf4 36. Nd4 Re3 37. Rxe3 Qxe3 38. Qa1 Qe5 39. c4 Kh7 0-1

[Event "Viktor Kupreichik Memorial Rapid Open"]
[Site "Minsk"]
[Date "2018.06.22"]
[Round "5.1"]
[White "Korobov, Anton"]
[Black "Meshkovs, Nikita"]
[Result "1-0"]
[WhiteElo "2736"]
[BlackElo "2572"]
[PlyCount "135"]
[EventDate "2018.06.21"]
[EventType "swiss"]
[EventRounds "11"]
[EventCountry "BLR"]
[WhiteTeam "Óêðàèíà"]
[BlackTeam "Ëàòâèÿ"]
[WhiteTeamCountry "UKR"]
[BlackTeamCountry "LAT"]

1. d4 Nf6 2. c4 e6 3. Nc3 Bb4 4. e3 O-O 5. Bd3 d5 6. Nf3 c5 7. O-O dxc4 8. Bxc4
cxd4 9. exd4 b6 10. Bg5 Bb7 11. Re1 Nbd7 12. Rc1 Rc8 13. Qb3 Be7 14. Ne5 Nxe5
15. dxe5 Nd7 16. Bxe7 Qxe7 17. Nb5 Rc5 18. f4 Bd5 19. Nd6 Qh4 20. Qg3 Qxg3 21.
hxg3 Bxc4 22. b4 Rd5 23. Rxc4 f6 24. Rc7 Rd8 25. Nc8 Rd2 26. Ne7+ Kf8 27. Nc6
Ra8 28. f5 Nxe5 29. Nxe5 fxe5 30. fxe6 Kg8 31. Rxe5 Rxa2 32. Rd5 Re2 33. Rxa7
Rc8 34. Rdd7 Rxe6 35. Rxg7+ Kf8 36. Rxh7 Kg8 37. Kh2 Rg6 38. Rh4 Rc3 39. Rd4
Rh6+ 40. Kg1 Rc1+ 41. Kf2 Rf6+ 42. Ke3 Rc3+ 43. Rd3 Re6+ 44. Kd2 Rc8 45. Rad7
Rc4 46. R3d4 Rcc6 47. Rd3 Rg6 48. Rc3 Rxc3 49. Kxc3 Kf8 50. Kc4 Rg5 51. Rd5
Rxg3 52. Kb5 Rg6 53. Re5 Kf7 54. Ka6 Rg4 55. b5 Rg6 56. g4 Kf6 57. Re8 Kf7 58.
Rc8 Ke7 59. Rc6 Rxg4 60. Kxb6 Kd7 61. Kb7 Rb4 62. b6 Rb1 63. Rc2 Rb3 64. Rd2+
Ke6 65. Kc7 Rc3+ 66. Kb8 Rb3 67. b7 Rb1 68. Ra2 1-0

[Event "Viktor Kupreichik Memorial Rapid Open"]
[Site "Minsk"]
[Date "2018.06.22"]
[Round "5.2"]
[White "Zarubitski, Viachaslau"]
[Black "Andreikin, Dmitry"]
[Result "1/2-1/2"]
[WhiteElo "2265"]
[BlackElo "2733"]
[PlyCount "74"]
[EventDate "2018.06.21"]
[EventType "swiss"]
[EventRounds "11"]
[EventCountry "BLR"]
[WhiteTeam "Áåëîðóññèÿ"]
[BlackTeam "Ðîññèÿ"]
[WhiteTeamCountry "BLR"]
[BlackTeamCountry "RUS"]

1. e4 g6 2. d4 Bg7 3. Nc3 c6 4. Nf3 d6 5. Be2 Nf6 6. O-O O-O 7. a4 Qc7 8. h3 e5
9. dxe5 dxe5 10. Be3 Nh5 11. a5 Nf4 12. Bc4 Be6 13. Bxe6 Nxe6 14. Qd3 Nd4 15.
Ne2 c5 16. Nc3 Nbc6 17. Nd5 Qd7 18. Nd2 f5 19. c3 f4 20. cxd4 cxd4 21. Bxf4
exf4 22. Nf3 Rae8 23. a6 Kh8 24. axb7 Qxb7 25. b4 Nxb4 26. Nxb4 Qxb4 27. Rxa7
Qc3 28. Qxc3 dxc3 29. e5 Ra8 30. Rxa8 Rxa8 31. Rc1 Rc8 32. Kf1 Bf8 33. Ke2 Ba3
34. Rc2 Kg8 35. Kd3 Bb4 36. Nd4 Kf7 37. Ke4 Rc4 1/2-1/2

[Event "Viktor Kupreichik Memorial Rapid Open"]
[Site "Minsk"]
[Date "2018.06.22"]
[Round "5.3"]
[White "Kovalev, Vladislav"]
[Black "Notkin, Maksim"]
[Result "1-0"]
[WhiteElo "2631"]
[BlackElo "2455"]
[PlyCount "111"]
[EventDate "2018.06.21"]
[EventType "swiss"]
[EventRounds "11"]
[EventCountry "BLR"]
[WhiteTeam "Áåëîðóññèÿ"]
[BlackTeam "Ðîññèÿ"]
[WhiteTeamCountry "BLR"]
[BlackTeamCountry "RUS"]

1. e4 e5 2. Nf3 Nc6 3. Bc4 Bc5 4. c3 Nf6 5. d4 exd4 6. e5 d5 7. Bb5 Ne4 8. cxd4
Bb6 9. Nc3 O-O 10. Be3 Bg4 11. h3 Bh5 12. Qc2 Bg6 13. Qb3 Ne7 14. O-O c6 15.
Bd3 Nf5 16. Rfe1 Nxe3 17. Rxe3 Ng5 18. Ne2 Ne6 19. Rd1 Qd7 20. Qc2 c5 21. Bxg6
fxg6 22. dxc5 Bxc5 23. Red3 Qc6 24. Qb3 Kh8 25. Rxd5 Rae8 26. Rc1 b6 27. Ned4
Qc8 28. Nxe6 Rxe6 29. Rcd1 Re7 30. Qd3 Qe6 31. a3 a5 32. Rd8 Ree8 33. Rxe8 Rxe8
34. Qd7 Qxd7 35. Rxd7 h6 36. Kf1 Kg8 37. Ke2 Rf8 38. Rd2 Rf4 39. Kd3 Kf7 40.
Re2 Ke6 41. Re4 Rf8 42. Rg4 g5 43. h4 Bxf2 44. hxg5 h5 45. Rc4 h4 46. Ke4 Bg3
47. Rc6+ Kd7 48. Rxb6 Rf4+ 49. Ke3 Rc4 50. Kd3 Rf4 51. e6+ Ke7 52. Ne5 Rf2 53.
Ng6+ Kd8 54. e7+ Ke8 55. Rc6 Kd7 56. Rc8 1-0

[Event "Viktor Kupreichik Memorial Rapid Open"]
[Site "Minsk"]
[Date "2018.06.22"]
[Round "5.4"]
[White "Meshkov, Yuri A"]
[Black "Aleksandrov, Aleksej"]
[Result "0-1"]
[WhiteElo "2375"]
[BlackElo "2597"]
[PlyCount "112"]
[EventDate "2018.06.21"]
[EventType "swiss"]
[EventRounds "11"]
[EventCountry "BLR"]
[WhiteTeam "Ðîññèÿ"]
[BlackTeam "Áåëîðóññèÿ"]
[WhiteTeamCountry "RUS"]
[BlackTeamCountry "BLR"]

1. e4 e5 2. Nc3 Nf6 3. g3 Bc5 4. Bg2 a6 5. Nge2 d6 6. h3 Nc6 7. d3 Be6 8. Nd5
h6 9. Be3 Bxe3 10. fxe3 Bxd5 11. exd5 Ne7 12. c4 b5 13. b3 Rc8 14. O-O c6 15.
dxc6 Nxc6 16. Nc3 O-O 17. Qe2 Ne7 18. Rxf6 gxf6 19. Ne4 f5 20. Nf6+ Kg7 21.
Nh5+ Kh8 22. Rf1 Rg8 23. Kh2 bxc4 24. bxc4 Qf8 25. h4 Rb8 26. Bh3 Rg6 27. Bxf5
Nxf5 28. Rxf5 Qe7 29. Qf2 Rb7 30. Nf6 Qd8 31. Nd5 Kg7 32. e4 a5 33. a4 Qb8 34.
Kh3 Qc8 35. Qd2 Rb1 36. Qf2 Qd7 37. Qf3 Ra1 38. g4 Qe6 39. Qe3 h5 40. g5 Rxa4
41. Qf3 Ra3 42. Nf6 Kf8 43. Nxh5 a4 44. Nf6 Rb3 45. Ng4 a3 46. h5 Rg8 47. g6
Rg7 48. h6 Rxg6 49. h7 Kg7 50. Rxf7+ Kh8 51. Rf8+ Kxh7 52. Rf7+ Rg7 53. Rxg7+
Kxg7 54. Qe3 a2 55. Qa7+ Kg6 56. Qxa2 Rxd3+ 0-1

[Event "Viktor Kupreichik Memorial Rapid Open"]
[Site "Minsk"]
[Date "2018.06.22"]
[Round "5.5"]
[White "Mamedov, Rauf"]
[Black "Sihite, Chelsie Monica Igne"]
[Result "1-0"]
[WhiteElo "2711"]
[BlackElo "2236"]
[PlyCount "81"]
[EventDate "2018.06.21"]
[EventType "swiss"]
[EventRounds "11"]
[EventCountry "BLR"]
[WhiteTeam "Àçåéðáàäæàí"]
[BlackTeam "Èíäîíåçèÿ"]
[WhiteTeamCountry "AZE"]
[BlackTeamCountry "INA"]

1. Nf3 d5 2. g3 e6 3. Bg2 f5 4. d3 Nf6 5. O-O Be7 6. c4 c6 7. Nc3 O-O 8. Qc2 a5
9. e4 d4 10. e5 dxc3 11. exf6 Bxf6 12. bxc3 e5 13. Re1 Re8 14. Ba3 Qc7 15. Rab1
Nd7 16. Re2 g5 17. Rbe1 g4 18. Nd2 Nf8 19. d4 Ng6 20. d5 Bd7 21. d6 Qc8 22. c5
Be6 23. Qa4 f4 24. Ne4 Rf8 25. Rb2 Bd8 26. Reb1 Ra7 27. Rd2 Qd7 28. Bf1 h5 29.
Bc4 Rf7 30. Bxe6 Qxe6 31. d7 fxg3 32. hxg3 h4 33. Rbd1 Nf8 34. Rd6 Qf5 35. Qc4
b5 36. cxb6 Bxb6 37. Rf6 Bxf2+ 38. Kf1 Qxd7 39. Rxd7 Raxd7 40. Rxf7 Rxf7 41.
Ng5 1-0

[Event "Viktor Kupreichik Memorial Rapid Open"]
[Site "Minsk"]
[Date "2018.06.22"]
[Round "5.6"]
[White "Fedorov, Alexei"]
[Black "Sarbay, Aleksandr"]
[Result "1-0"]
[WhiteElo "2577"]
[BlackElo "2045"]
[PlyCount "59"]
[EventDate "2018.06.21"]
[EventType "swiss"]
[EventRounds "11"]
[EventCountry "BLR"]
[WhiteTeam "Áåëîðóññèÿ"]
[BlackTeam "Áåëîðóññèÿ"]
[WhiteTeamCountry "BLR"]
[BlackTeamCountry "BLR"]

1. c4 e5 2. d3 Nf6 3. Nf3 Nc6 4. Nc3 Bb4 5. Bd2 O-O 6. e3 d5 7. cxd5 Nxd5 8.
Be2 Bg4 9. O-O Nf6 10. a3 Be7 11. Qc2 Qd7 12. b4 a6 13. Rfd1 Rad8 14. Be1 Rfe8
15. Rab1 h6 16. Ne4 Nxe4 17. dxe4 Qe6 18. h3 Bh5 19. Rxd8 Rxd8 20. a4 Rd7 21.
b5 axb5 22. Rxb5 b6 23. Nxe5 Nxe5 24. Bxh5 Nd3 25. Bg4 Qg6 26. Bc3 Rd8 27. Rf5
Bc5 28. Bh5 Qd6 29. Rd5 Qe7 30. Qxd3 1-0

[Event "Viktor Kupreichik Memorial Rapid Open"]
[Site "Minsk"]
[Date "2018.06.22"]
[Round "5.8"]
[White "Shevchenko, Kirill"]
[Black "Savolainen, Lev P"]
[Result "1-0"]
[WhiteElo "2432"]
[BlackElo "2163"]
[PlyCount "63"]
[EventDate "2018.06.21"]
[EventType "swiss"]
[EventRounds "11"]
[EventCountry "BLR"]
[WhiteTeam "Óêðàèíà"]
[BlackTeam "Ðîññèÿ"]
[WhiteTeamCountry "UKR"]
[BlackTeamCountry "RUS"]

1. e4 e6 2. d4 d5 3. Nd2 Nf6 4. e5 Nfd7 5. Bd3 c5 6. c3 Nc6 7. Ne2 Be7 8. O-O
O-O 9. f4 f6 10. Nf3 a6 11. g4 b5 12. Be3 b4 13. Qb1 h6 14. Nh4 f5 15. Ng6 bxc3
16. Nxf8 Nxf8 17. bxc3 Rb8 18. Qe1 fxg4 19. dxc5 Qa5 20. Nd4 Bd7 21. Nb3 Qa4
22. Qe2 Bc8 23. Rab1 Nd7 24. Bc2 Qb5 25. Qxg4 Nf8 26. Qd1 Qc4 27. Qd3 Qxd3 28.
Bxd3 Nd7 29. Nd4 Rxb1 30. Rxb1 Bxc5 31. Kf2 Kf7 32. Nxc6 1-0

[Event "Viktor Kupreichik Memorial Rapid Open"]
[Site "Minsk"]
[Date "2018.06.22"]
[Round "5.9"]
[White "Papunidi, Matvey"]
[Black "Bernotas, Arturs"]
[Result "0-1"]
[WhiteElo "1751"]
[BlackElo "2410"]
[PlyCount "93"]
[EventDate "2018.06.21"]
[EventType "swiss"]
[EventRounds "11"]
[EventCountry "BLR"]
[WhiteTeam "Áåëîðóññèÿ"]
[BlackTeam "Ëàòâèÿ"]
[WhiteTeamCountry "BLR"]
[BlackTeamCountry "LAT"]

1. e4 d5 2. exd5 Nf6 3. Nc3 Nxd5 4. Bc4 Nxc3 5. Qf3 e6 6. Qxc3 Nc6 7. Nf3 Qf6
8. Qxf6 gxf6 9. O-O b6 10. d4 Bb7 11. d5 Na5 12. Bb5+ c6 13. dxc6 Bxc6 14.
Bxc6+ Nxc6 15. Be3 Rc8 16. c3 Na5 17. Nd2 Be7 18. Rac1 O-O 19. Rfd1 Rfd8 20.
Kf1 f5 21. Ke2 f6 22. f3 Kf7 23. a3 Rg8 24. Kf1 Rc7 25. b4 Nc6 26. c4 Rgc8 27.
Nb3 e5 28. c5 b5 29. Ke2 Ke6 30. Rd2 a5 31. bxa5 Ra8 32. Rb2 Nxa5 33. Nxa5 Rxa5
34. Rcb1 Bxc5 35. Rxb5 Rxb5 36. Rxb5 Bxe3 37. Kxe3 Rc2 38. Rb7 Rxg2 39. Rxh7
f4+ 40. Kd3 Rf2 41. a4 Rxf3+ 42. Kc4 Ra3 43. Kb4 Ra1 44. Rc7 f3 45. Rc2 e4 46.
Rf2 Kf5 47. a5 0-1